000
00303nam a2200097Ia 4500
082
_a
NDE KF BEST
245
0
_a
Zebra crossings : tales from the shaman's record
100
_a
MERRINGTON, Peter Auckland Park, South Africa, 2008
_9
77337
942
_c
BK
008
210817s9999 xx 000 0 und d
999
_c
263831
_d
263830